Antologia de historias (herodoto) /
Guardado en:
| Autor Principal: | |
|---|---|
| Formato: | Libro |
| Publicado: |
Barcelona :
Bosch,
1960
|
| Materias: | |
| Etiquetas: |
Agregar Etiqueta
Sin Etiquetas, Sea el primero en etiquetar este registro!
|
| LEADER | 00532nam a22001815a 4500 | ||
|---|---|---|---|
| 001 | EHU.bham024320 | ||
| 003 | AR-BHAM | ||
| 005 | 20130507142508.0 | ||
| 008 | 130507s1960##################000#0#####d | ||
| 082 | 8 | 8 | |a 888 |
| 100 | 1 | |a Herodoto | |
| 245 | 1 | 0 | |a Antologia de historias (herodoto) / |c Erodoto |
| 260 | |a Barcelona : |b Bosch, |c 1960 | ||
| 300 | |a 95 p. | ||
| 500 | |a Introd.y Comentarios De J. Berenguer Amenos | ||
| 653 | |a Donacion lejarraga | ||
| 653 | |a Literatura griega | ||
| 859 | |a AR-BHAM |b BIB. HUMANIDADES - General |h 888 |i H432-2 |p 65.02 |t Ej.1 | ||
